000 00969nam a2200241 u 4500
001 000306609
003 AM-YeHGA
005 20250618071951.0
008 040209s1985 ai r 000 0 arm d
040 _aAM-YeHGA
041 1 _aarm
_hrus
_hjpn
245 1 0 _aԵրեք վեպ :
_bԱվազուտների կինը; Ուրիշի դեմքը; Այրված քարտեզը /
_cԿոբո Աբե; Ռուս. թարգմ.՝ Կ.Ա. Սիմոնյան; Խմբ.՝ Ե.Ս. Զարեհյան.
260 _aԵրևան :
_bՍովետական գրող,
_c1985.
300 _a656 էջ :
_bնկ. ;
_c21սմ.
650 1 4 _aՃապոնական գրականություն
_xՎեպ
700 1 _aՍիմոնյան, Կարեն Արամի,
_d1936-2018
_eթարգմ.
_4trl
_98967
700 1 _aԶարեհյան, Ե.Ս.
_eխմբ.
_4edt
740 0 2 _aԱվազուտների կինը
740 0 2 _aՈւրիշի դեմքը
740 0 2 _aԱյրված քարտեզը
942 _2udc
_cBK
090 _c114404
999 _c113065
_d113065